| 000 | 00506nam a2200133Ia 4500 | ||
|---|---|---|---|
| 008 | 170221s9999 xx 000 0 und d | ||
| 100 | _aZilan Cen | ||
| 245 | _aPreference in Presentation or Impression Management: A Comparison Study between Chairmen’s Statements of the Most and Least Profitable Australian Companies | ||
| 245 | _cZilan Cen and Rongchang Cai | ||
| 260 | _c2016 | ||
| 300 | _a5 : 5 | ||
| 650 | _xBusiness | ||
| 856 | _uhttp://ro.uow.edu.au/cgi/viewcontent.cgi?article=1488&context=aabfj | ||
| 999 |
_c313482 _d313482 |
||